Capitali del mondo che iniziano con la V - Statistics

Statistiche generali
  • Questo quiz è stato fatto 520 volte
  • Il punteggio medio è 4 su 6
Statistiche sulle risposte
Risposte % Corretto
Varsavia
78%
Vilnius
75%
Vienna
74%
Vaduz
70%
Vientiane
55%
Victoria
29%
Nessun quiz corrispondente trovato
Distribuzione punteggi
Percentuale di utenti per punteggio
Percentile per numero di risposta
I tuoi punteggi nel tempo
Non hai fatto questo quiz